=LDR 00000nam 2200000 4500 =001 $a INLIS000000000008533 =005 $a 20260625145439 =008 $a 260625###########################0#ind## =022 ##$$a 978-602-95677-4-8 =035 ##$$a 0010-0626000160 =082 ##$$a 658.8 =084 ##$$a 658.8 BAM k =100 #$$a Bambang Suharno =245 ##$$a kumpulan artikel motifasi jangan pulang sebelum menang $b kiat sukses kehidupan dan kepemimpinan $c Bambang Suharno =247 ##$$a =260 ##$$a Jakarta $b Gita Pustaka $c 2011 =300 ##$$a xviii; 200 hlm. $b ilus. $c 20 cm. $e =310 ##$$a =321 ##$$a =520 #$$a =650 #$$a Kepemimpinan =700 #$$a =856 ##$$a =Wor $a 1